| 000 | 00522nam a2200205Ia 4500 | ||
|---|---|---|---|
| 008 | 180523s9999 xx 000 0 und d | ||
| 020 | _a978-007-126250-7 | ||
| 050 | _aMAIN QD 31.3 | ||
| 050 | _b.S55 2007 | ||
| 100 | _aSilberberg, Martin S. | ||
| 245 | 0 | _aPrinciples of general chemistry / | |
| 245 | 0 | _cMartin S. Silberberg | |
| 260 | _aBoston : | ||
| 260 | _bMcGraw-Hill, | ||
| 260 | _c2007 | ||
| 300 | _a972 pages : | ||
| 300 | _c26 cm. | ||
| 500 | _aIncludes index. | ||
| 650 | _aChemistry -- Textbooks. | ||
| 999 |
_c357538 _d357538 |
||